In the hotel abyss (Record no. 520759)

MARC details
000 -LEADER
fixed length control field 00790nam a2200241Ia 4500
003 - CONTROL NUMBER IDENTIFIER
control field OSt
005 - DATE AND TIME OF LATEST TRANSACTION
control field 20220925192032.0
008 - FIXED-LENGTH DATA ELEMENTS--GENERAL INFORMATION
fixed length control field 220923b |||||||| |||| 00| 0 eng d
020 ## - INTERNATIONAL STANDARD BOOK NUMBER
International Standard Book Number 9789004248984
037 ## - SOURCE OF ACQUISITION
Terms of availability General Book
040 ## - CATALOGING SOURCE
Original cataloging agency RTL
Transcribing agency RTL
Language of cataloging eng
041 ## - LANGUAGE CODE
Source of code eng
Language code of text/sound track or separate title eng
100 ## - MAIN ENTRY--PERSONAL NAME
Personal name LANNING Robert
9 (RLIN) 243702
245 #0 - TITLE STATEMENT
Title In the hotel abyss
Remainder of title An Hegelian- Marxist critique of Adorno
260 ## - PUBLICATION, DISTRIBUTION, ETC.
Place of publication, distribution, etc. Boston
Name of publisher, distributor, etc. Brill
Date of publication, distribution, etc. 2014
300 ## - PHYSICAL DESCRIPTION
Extent vi, 223p
Dimensions cm.
500 ## - GENERAL NOTE
General note Bibliography: p 277-304
942 ## - ADDED ENTRY ELEMENTS (KOHA)
Classification part RxN03A:g, Q4
Koha item type General Books
Source of classification or shelving scheme Colon Classification (CC)

No items available.

Copyright @ Delhi University Library System